[Event "TUR-UKR Friendly Team Match"]
[Site "Online"]
[Date "2021.01.17"]
[Round "1.1"]
[White "Tanriverdi, Enes"]
[Black "Sydoryka, Vladyslav"]
[Result "1-0"]
[WhiteElo "2399"]
[BlackElo "2331"]
[Annotator "TA"]
[PlyCount "97"]
[EventDate "2021.01.17"]
[EventType "team-tourn"]
[EventCountry "NET"]
[SourceTitle "playchess.com"]
[Source "ChessBase"]
[SourceQuality "1"]
[WhiteTeam "Turkey"]
[BlackTeam "Ukraine"]
[WhiteTeamCountry "TUR"]
[BlackTeamCountry "UKR"]

{[%evp 21,97,0,0,-4,1,1,4,1,316,316,312,328,315,328,325,327,322,320,356,341,345,255,249,250,247,247,267,261,271,264,293,261,287,268,295,293,346,339,338,337,322,335,377,369,375,375,366,360,330,290,290,290,330,326,322,266,2775,1252,1233,1226,1226,1212,1204,1197,1190,605,4133,11873,29967,29969,29969,4141,29973,29974,29980,29981,29981,29982]} 1. d4 Nf6 2. c4 e6 3. Nf3 d5 4. Nc3 Bb4 5. e3 O-O 6. Bd3 c5 7. O-O cxd4 8. exd4 Nc6 9. Bg5 dxc4 10. Bxc4 Be7 {10...h6 injects fresh life into this line.} 11. a3 b6 12. d5 {E57: Nimzo-Indian: Rubinstein: Main Line: 7...Nc6 8 a3 dxc4 9 Bxc4 cxd4.} exd5 13. Nxd5 Nxd5 14. Qxd5 {[#] The position is equal.} Qxd5 $146 {[%mdl 8192] [#]} (14... Bb7 $11 {and Black is okay.}) ({Predecessor:} 14... Bb7 15. Qxd8 Raxd8 16. Rfe1 Rfe8 17. Bxe7 Nxe7 18. Ng5 Nd5 19. Rad1 Rxe1+ 20. Rxe1 h6 21. Nh3 {½-½ (20) Montoliu Daroca,I-Moix Monserrat,R Femeni 1996}) 15. Bxd5 $18 Bxg5 16. Bxc6 ({Not} 16. Nxg5 Bb7 $11) 16... Bf6 17. Bxa8 Ba6 18. Bd5 Bxf1 19. Kxf1 ({Don't do} 19. Rxf1 Bxb2 20. a4 Rd8) 19... Bxb2 20. Ra2 Bf6 21. a4 Rc8 22. Ke2 g6 23. Rd2 Rc5 24. Bb3 {Threatens to win with Rd7.} Rc3 25. Rd3 Rc7 26. g4 h6 27. h4 Re7+ 28. Kd2 Rc7 29. g5 hxg5 30. Nxg5 Kg7 31. f4 a6 32. Rd6 b5 33. Rxa6 bxa4 34. Rxa4 ({Don't play} 34. Bxa4 Rc4 $18) 34... Re7 35. Rc4 Rb7 36. Bc2 Bd8 37. Ke2 Rc7 38. Bb3 {[#] aiming for Rxc7.} Rxc4 (38... Rb7 39. Bc2 Ba5) 39. Bxc4 Be7 40. Kf3 f5 41. Kg3 Bb4 42. Nf3 Ba5 43. Bb5 Bb4 44. Be8 Kf6 45. Ne5 Be1+ 46. Kh3 Ke7 47. Bxg6 {White mates.} Bd2 48. Bxf5 Kf6 49. Kg4 {White took control after the opening.  Weighted Error Value: White=0.11/Black=0.62} 1-0

[Event "TUR-UKR Friendly Team Match"]
[Site "Online"]
[Date "2021.01.17"]
[Round "1.1"]
[White "Can, Isik"]
[Black "Kukelko, Alexey"]
[Result "1-0"]
[WhiteElo "2380"]
[BlackElo "2307"]
[Annotator "TA"]
[PlyCount "51"]
[EventDate "2021.01.17"]
[EventType "team-tourn"]
[EventCountry "NET"]
[SourceTitle "playchess.com"]
[Source "ChessBase"]
[SourceQuality "1"]
[WhiteTeam "Turkey"]
[BlackTeam "Ukraine"]
[WhiteTeamCountry "TUR"]
[BlackTeamCountry "UKR"]

{[%evp 23,51,61,72,47,64,55,88,87,99,101,100,121,116,84,119,41,229,230,546,538,944,947,1120,1095,1541,1293,1283,1133,6874,6403]} 1. e4 c5 2. Nf3 d6 3. d4 cxd4 4. Nxd4 Nf6 5. Nc3 Nc6 6. Bg5 e6 7. Qd2 a6 8. O-O-O Bd7 9. f4 b5 10. Bxf6 gxf6 11. Kb1 Qb6 12. Nce2 {[%cal Bc3e2,Be2g3,Bg3h5][%mdl 32]} Rc8 13. h4 {[#] B67: Sicilian: Richter-Rauzer: 7...a6 8 0-0-0 Bd7, lines without 9 f4 Be7.} Na5 $146 ({Predecessor:} 13... Rg8 14. Rh3 b4 15. Re3 Na5 16. b3 Nb7 17. Ng3 Qa5 18. Qe2 Rc3 19. Nh5 Be7 20. g4 Rxe3 21. Qxe3 Rxg4 {1-0 (34) Sanal,V (2569)-Le,Q (2713) Caleta 2020}) 14. Ng3 Nc4 15. Bxc4 {White is better.} Rxc4 16. Nh5 Be7 17. b3 Rc5 18. f5 {[#] Black must now prevent Ng7+.} e5 19. Ne2 (19. Nf3 $16 {And now Qh6 would win.} Bc6 20. Qe3) 19... b4 $2 {Black cannot hold the game after this.} (19... Bc6 $1 $14) 20. Qh6 $18 d5 $2 (20... Rg8 {is tougher.} 21. Qxh7 (21. Nxf6+ Bxf6 22. Qxf6 Rc6 $18) 21... Rf8) 21. exd5 {White is clearly winning.} Bxf5 22. Ng7+ {[%mdl 64] [#] Double Attack} Kd7 23. Nxf5 Rhc8 24. Nxe7 Kxe7 25. d6+ Ke6 26. Rhf1 {Weighted Error Value: White=0.14/Black=0.77} 1-0

[Event "TUR-UKR Friendly Team Match"]
[Site "Online"]
[Date "2021.01.17"]
[Round "1.1"]
[White "Kamer, Kayra"]
[Black "Mitusov, Semen"]
[Result "1/2-1/2"]
[WhiteElo "2339"]
[BlackElo "2297"]
[Annotator "TA"]
[PlyCount "178"]
[EventDate "2021.01.17"]
[EventType "team-tourn"]
[EventCountry "NET"]
[SourceTitle "playchess.com"]
[Source "ChessBase"]
[SourceQuality "1"]
[WhiteTeam "Turkey"]
[BlackTeam "Ukraine"]
[WhiteTeamCountry "TUR"]
[BlackTeamCountry "UKR"]

{[%evp 15,178,30,35,4,20,4,23,31,33,0,11,-5,39,39,39,39,39,37,40,42,40,35,37,18,21,17,21,32,19,28,56,59,76,76,81,76,78,27,78,79,82,52,56,41,39,41,66,26,46,33,48,25,34,16,85,48,41,0,85,83,87,26,21,23,22,14,21,12,12,12,29,-21,0,0,54,20,33,28,34,28,53,8,80,0,0,0,0,0,0,0,8,4,23,31,68,41,63,50,77,44,51,53,53,59,60,0,221,0,0,0,202,0,0,0,0,0,0,0,0,0,0,0,0,0,0,0,0,0,85,0,0,0,0,0,0,0,0,0,0,0,0,0,0,0,0,0,0,0,0,0,0,0,0,0,0,0,0,0,0,0,0,0,0,0,0]} 1. Nf3 d5 2. g3 c6 3. Bg2 Bg4 4. d3 Nd7 5. Nbd2 Ngf6 6. O-O e5 7. e4 dxe4 $1 {7...dxe4 is better than 7...Bd6.} 8. dxe4 Bc5 9. Nc4 {A07: Réti Opening: New York and Capablanca Systems.} Qe7 (9... Qc7 {with more complications.} 10. Qe2 O-O 11. a4 Be6 12. b3 b5) 10. Qe1 {[#]} (10. Qe2 {keeps more tension.} Qe6 11. a4 O-O 12. b3 h6 13. Re1) 10... Bxf3 $146 ({Predecessor:} 10... O-O 11. Ne3 Bxe3 12. Qxe3 Nc5 13. Nh4 Ne6 14. h3 Bh5 15. f4 exf4 16. gxf4 Rfd8 17. Nf5 {1-0 (38) Hasanov,S (2247)-Krstic,P (2358) Kemer 2007}) 11. Bxf3 {White has an edge.} O-O 12. Bg5 Rfd8 13. Ne3 Bxe3 14. Bxe3 Nf8 15. Qc3 Qc7 16. Bg5 N8d7 17. a4 h6 18. Be3 Nf8 19. a5 Ne6 20. Rfd1 c5 21. Qc4 Rxd1+ 22. Bxd1 Rd8 23. c3 Ne8 24. Qa4 Nd6 25. Be2 b6 26. f3 (26. Rd1 $16) 26... Qb7 (26... b5 $1 $11 27. Qa2 (27. Bxb5 Qb7 $14) 27... a6) 27. axb6 $16 axb6 28. Qa6 Qc6 29. Rd1 Nc7 30. Qa2 Nb7 31. Rf1 b5 32. b3 Ne6 33. Qc2 Nd6 34. Rd1 Nb7 (34... c4 $11 {remains equal.}) 35. Ra1 Nd6 36. Rd1 Nb7 37. Rxd8+ Nbxd8 38. Qd3 (38. Qd2 $16) 38... b4 $1 $11 39. cxb4 cxb4 40. Qc4 Qd6 41. Qd5 Qc7 42. Bc4 Nc6 43. f4 exf4 44. gxf4 Ne7 ({Better is} 44... Na5 $1 $11) 45. Qa8+ Kh7 46. Qe8 Nd8 47. Qb5 Qd6 48. Kf2 (48. Bd3 $5 {[%cal Re4e5]} Qe6 49. Qxb4 $14) 48... Ne6 {[#]} (48... Ndc6 $11) 49. Bxe6 (49. Qb6 $1 $16 {[%cal Rb6d6]} Nc6 50. Bd5) 49... fxe6 50. Qc5 Qd8 51. Qd4 Qc7 52. Qxb4 Ng6 53. Qd2 Qe7 54. Ke1 Nh4 55. Kd1 e5 56. f5 {Black must now prevent Qf2.} Nf3 57. Qf2 (57. Qe2 $5 {[%cal Re2f3]} Qd7+ 58. Kc2 Nd4+ 59. Bxd4 Qxd4 60. h4 $16) 57... Qd6+ 58. Ke2 Nd4+ 59. Bxd4 exd4 $14 {[%mdl 4096] Endgame KQ-KQ} 60. Qg3 ({White should try} 60. Kf3 $1 $14) 60... Qb4 $2 (60... Qa6+ $11 61. Qd3 Qa2+ 62. Kf3 Qxh2) 61. Qd3 $2 (61. Qg6+ $18 Kh8 62. f6 d3+ 63. Kf3 (63. Kxd3 Qxb3+ 64. Ke2 Qc2+ 65. Kf1 Qd3+ 66. Kg1 Qe3+ 67. Kh1 Qf3+ 68. Kg1 Qe3+ 69. Kh1 Qf3+ 70. Kg1 Qe3+ $11) 63... gxf6 64. Qxh6+ Kg8 65. Qg6+ (65. Qxf6 Qd2 $14) 65... Kf8 66. Qxf6+ Ke8 67. Qe5+ Kf8 68. Qf5+ Ke8 69. Qg6+ Kd8 70. Qg8+ Ke7 71. Qg5+ Ke8 72. Qe5+ Kf8 73. Qf6+ Ke8 74. Qe6+ Kf8 75. Qf6+) 61... Qd6 $11 62. Qg3 $2 (62. Kd1 $11) 62... Qb4 $18 63. e5 $2 (63. Qg6+ $18 Kh8 64. f6 d3+ 65. Kf3 (65. Kxd3 Qxb3+ 66. Ke2 Qc2+ 67. Kf1 Qd1+ 68. Kf2 Qd2+ 69. Kg3 Qe3+ 70. Kg4 Qe2+ 71. Kh4 Qe1+ 72. Kh3 Qf1+ 73. Qg2 Qxf6 $11) 65... gxf6 66. Qxh6+ Kg8 67. Qg6+ (67. Qxf6 Qd2 $11) 67... Kf8 68. Qxf6+ Ke8 69. Qe6+ Kf8 70. Ke3) 63... Qb5+ $11 64. Kf2 {Hoping for Qg6+.} Qc5 65. Qg6+ Kh8 66. Qe8+ Kh7 67. Qg6+ Kh8 68. f6 {[%csl Gf6][%cal Rg6g7]} d3+ $1 69. Kf3 {[%csl Gf6][%cal Rg6g7]} Qd5+ 70. Ke3 {[%csl Gf6][%cal Rg6g7]} Qxe5+ 71. Kxd3 {[%csl Gf6][%cal Rg6g7]} Qd5+ {[#]} (71... Qd6+ $11 {keeps the balance.} 72. Kc2 Qxh2+ 73. Kd3 Qd6+ 74. Kc3 Qe5+ 75. Kc4 Qf4+ 76. Kc5 gxf6) 72. Kc3 (72. Kc2 $1 $16 {[%csl Gf6][%cal Rg6g7]} Qc6+ 73. Kb2 gxf6 74. Qxh6+ Kg8 75. Qf4 Qg2+ 76. Kc3) 72... Qc5+ {The position is equal.} 73. Kb2 {[%csl Gf6][%cal Rg6g7]} Qf2+ 74. Kb1 {[%csl Gf6][%cal Rg6g7]} Qf1+ (74... Qe1+ {feels hotter.} 75. Kc2 Qe2+ 76. Kc3 Qe1+ 77. Kc2) 75. Ka2 {[%csl Gf6][%cal Rg6g7]} Qf2+ 76. Ka3 {[%csl Gf6][%cal Rg6g7]} (76. Ka1 {with more complications.} Qe1+ 77. Kb2 Qe2+ 78. Kb1 Qe1+ 79. Kc2) 76... Qa7+ 77. Kb4 Qd4+ 78. Ka5 {[%csl Gf6][%cal Rg6g7]} (78. Ka3 {looks sharper.} Qa1+ 79. Kb4 Qd4+) 78... Qc5+ 79. Ka4 {[%csl Gf6][%cal Rg6g7]} Qa7+ 80. Kb5 Qb7+ 81. Kc5 Qc7+ 82. Kd5 (82. Kb4 $5 {[%cal Rg6g7]} Qb6+ 83. Kc4 Qc6+ 84. Kd4 Qd6+ 85. Ke4 Qb4+ 86. Kd5 Qb5+ 87. Kd6 Qb6+ 88. Ke5 Qc5+ 89. Kf4 Qf2+ 90. Ke5 Qc5+ 91. Kf4 Qf2+ 92. Ke5 Qc5+ $11) 82... Qb7+ 83. Ke5 {Strongly threatening Qxg7+.} (83. Kc4 {is more complex.} Qc6+ 84. Kb4 Qb6+ 85. Kc3 Qc5+) 83... Qc7+ 84. Kd5 Qb7+ 85. Kd4 Qb4+ 86. Ke5 {[%csl Gf6][%cal Rg6g7]} Qc3+ 87. Kf4 {[%csl Gf6][%cal Rg6g7]} Qd2+ 88. Kf3 {[%csl Gf6][%cal Rg6g7]} Qd1+ 89. Kf2 {[%csl Gf6][%cal Rg6g7]} Qd2+ {Weighted Error Value: White=0.17/Black=0.21} 1/2-1/2

[Event "TUR-UKR Friendly Team Match"]
[Site "Online"]
[Date "2021.01.17"]
[Round "1.1"]
[White "Angun, Batu"]
[Black "Yurovskykh, Oleksandr"]
[Result "0-1"]
[WhiteElo "2326"]
[BlackElo "2260"]
[Annotator "TA"]
[PlyCount "118"]
[EventDate "2021.01.17"]
[EventType "team-tourn"]
[EventCountry "NET"]
[SourceTitle "playchess.com"]
[Source "ChessBase"]
[SourceQuality "1"]
[WhiteTeam "Turkey"]
[BlackTeam "Ukraine"]
[WhiteTeamCountry "TUR"]
[BlackTeamCountry "UKR"]

{[%evp 21,118,44,31,22,31,27,72,0,25,15,66,70,56,46,58,63,51,33,45,0,20,0,29,21,29,16,25,25,56,47,71,31,33,22,266,275,274,264,237,269,226,43,44,43,63,12,8,10,14,15,18,-79,-79,-86,-79,-90,-89,-89,-86,-106,-110,-113,-116,-112,-105,-111,-85,-130,-119,-117,-114,-129,-124,-122,-124,-117,-64,-64,-64,-66,-66,-86,-86,-117,-109,-205,-131,-152,-150,-205,-203,-29992,-29993,-29993,-29992,-29992,-29993,-29993,-29969]} 1. d4 d5 2. c4 dxc4 3. Nf3 Nf6 4. e3 e6 5. Bxc4 c5 6. O-O Nc6 7. Qe2 cxd4 8. Rd1 Be7 9. Nc3 O-O 10. exd4 Na5 11. Bd3 b6 12. Qe5 {D26: Queen's Gambit Accepted: 4 e3 e6 5 Bxc5 c5 sidelines.} Bb7 13. Qg3 Re8 {[#]} 14. Bf4 $146 (14. Ne5 $16) ({Predecessor:} 14. Qh3 Rc8 15. Bg5 g6 16. Ne5 Nh5 17. Be3 Bg5 18. Nb5 Bxe3 19. fxe3 a6 20. Nc3 {1-0 (74) Gundavaa,B (2528)-Bancod,R (2290) Manila 2013}) 14... Nh5 15. Qh3 Bxf3 (15... g6 $11 16. Be5 f6) 16. Qxf3 $14 Nxf4 17. Qxf4 Bd6 18. Qe4 g6 19. Bb5 Re7 20. d5 e5 21. Bc6 Rb8 22. Rac1 Nb7 23. b4 f5 24. Qc4 Kf8 25. a3 Rf7 26. Qa6 e4 27. Nb5 {[%cal Bc3b5,Bb5d4,Bd4e6][%mdl 32]} (27. Qxa7 $2 Ra8 $1 $19) 27... Bf4 $2 (27... Be5 $11 {and Black has nothing to worry.}) 28. Nd4 $1 $18 {[%cal Rd4e6] And now Ne6+ would win.} (28. Qxa7 $2 Nc5 $1 $19 {[%mdl 512]}) (28. Nxa7 Bxc1 29. Rxc1 Qg5 $17) 28... Qd6 29. Ne6+ ({Inferior is} 29. Qxa7 Bxc1 30. Rxc1 Nd8 $15) 29... Kg8 30. Nxf4 ({Don't go for} 30. Qxa7 $2 Bxc1 31. Rxc1 Nd8 $19) 30... Qxf4 {[#]} 31. Bxb7 ({And not} 31. Qxa7 Nc5 $11) (31. d6 $1 $18 Nxd6 32. Bd5) 31... Rbxb7 $14 32. d6 e3 33. fxe3 (33. Rc2 $14 Qe5 34. Qd3) 33... Qxe3+ $11 34. Kh1 Rbd7 35. Qc8+ Kg7 36. Rc7 {[#]} (36. Qc4 $11 {remains equal.}) 36... Rxc7 $1 $17 37. dxc7 {[%mdl 4096] Endgame KQR-KQR} Qf4 38. Qh8+ {[%mdl 64] Decoy} Kxh8 39. c8=Q+ {KQR-KQR} Kg7 40. Qc3+ Kh6 41. Qh3+ Kg5 42. Qd3 Re7 43. Qd8 Qe4 44. Rf1 Kh5 45. h3 Qe2 46. Rf3 Qe1+ 47. Kh2 Qe5+ 48. Kg1 Qc7 (48... h6 $17 49. Qd3 a5 50. bxa5 bxa5) 49. Qd1 $15 {Hoping for Rc3+.} Kh6 50. Qd2+ Kg7 51. Qd4+ Qe5 52. Qc4 h5 53. Rf1 (53. Rd3 $17 {was called for.}) 53... Rd7 54. Qc8 Rd2 55. Qb7+ (55. Kh1 $17) 55... Kh6 $19 56. Qxa7 $2 (56. Kh1 $19) 56... Qe4 {[%csl Gd2][%cal Re4g2] Black mates.} 57. Rf3 Qe2 {[%csl Gd2][%cal Re2g2]} 58. Rg3 Qf2+ 59. Kh2 h4 {Quite a comeback for Black.  Weighted Error Value: White=0.42/Black=0.22} 0-1

[Event "TUR-UKR Friendly Team Match"]
[Site "Online"]
[Date "2021.01.17"]
[Round "1.1"]
[White "Isik, Alparslan"]
[Black "Bondar, Dmytro"]
[Result "1-0"]
[WhiteElo "2321"]
[BlackElo "2257"]
[Annotator "TA"]
[PlyCount "73"]
[EventDate "2021.01.17"]
[EventType "team-tourn"]
[EventCountry "NET"]
[SourceTitle "playchess.com"]
[Source "ChessBase"]
[SourceQuality "1"]
[WhiteTeam "Turkey"]
[BlackTeam "Ukraine"]
[WhiteTeamCountry "TUR"]
[BlackTeamCountry "UKR"]

{[%evp 15,73,9,12,0,18,-14,19,16,19,9,35,26,25,25,27,14,28,25,39,34,37,22,28,9,33,19,33,24,34,25,81,81,71,75,80,21,77,68,96,70,125,52,58,25,40,0,15,-4,0,0,109,93,99,90,492,501,461,462,604,591]} 1. d4 d5 2. c4 c6 3. Nf3 Nf6 4. Nbd2 Bg4 5. e3 e6 6. Bd3 Nbd7 7. Qc2 Bd6 8. O-O O-O 9. h3 {D11: Slav Defence: 3 Nf3 sidelines and 3...Nf6 4 e3 Bg4.} Bh5 10. Ng5 {[%cal Rg5h7]} Bg6 (10... h6 $5 {[%cal Rh6g5]} 11. Ngf3 e5 $11) 11. Bxg6 {The position is equal.} hxg6 12. e4 {[#]} Bf4 $146 (12... e5 {feels hotter.} 13. dxe5 Bxe5 14. Rd1 Re8 15. cxd5 cxd5 16. exd5 Rc8) ({Predecessor:} 12... dxe4 13. Ndxe4 Nxe4 14. Nxe4 Nf6 15. Bg5 Be7 16. Rad1 Nxe4 17. Bxe7 Qxe7 18. Qxe4 Qb4 {1-0 (29) Ostrovskij,J (1614)-Von Rosenberg,C (1541) IECC email 2006}) 13. Ndf3 Bxc1 14. Raxc1 dxe4 15. Nxe4 Nxe4 16. Qxe4 Qc7 17. Rfd1 Rfd8 18. Qh4 Nf8 19. Rc3 c5 20. d5 exd5 21. cxd5 Rd7 22. b4 b6 (22... Qd8 $1 $11 {remains equal.}) 23. bxc5 $16 bxc5 24. Qc4 Rc8 25. Ng5 (25. Re3 $16) 25... Qe5 (25... Nh7 $11 26. Nxh7 Kxh7) 26. Ne4 Rcd8 {[%cal Rd7d5]} 27. Rcd3 ({Don't play} 27. Nxc5 $6 Rxd5 28. Rxd5 Rxd5 $11) 27... Rc8 (27... Nh7 $14) 28. g3 ({Avoid the trap} 28. Nxc5 $2 Qd6 $17) (28. d6 $16) 28... Nh7 $14 29. Qb5 ({Don't go for} 29. Nxc5 $2 Qd6 $19) 29... Rdd8 30. Nxc5 {Black should prevent Nb7.} Nf6 31. Na6 {[%cal Bc5a6,Ba6b4,Bb4c6][%mdl 32]} Rd6 {aiming for ...Qe2.} 32. Nb4 Qb2 (32... Qf5 $11 33. Rd4 Qxh3) 33. R3d2 $16 Qe5 34. Qb7 $36 {[%mdl 2112] [#] Double Attack. Keeping Black busy.} Rcd8 $2 {[%mdl 8192]} (34... Re8 $16 {is a better chance.}) 35. Nc6 $18 {[%mdl 64] Double Attack. White is clearly winning.} Qe8 36. Nxd8 {Threatens to win with Nc6.} Qxd8 37. Rc2 {Accuracy: White = 73%, Black = 63%.} 1-0

[Event "TUR-UKR Friendly Team Match"]
[Site "Online"]
[Date "2021.01.17"]
[Round "1.1"]
[White "Ozer, Omer Faruk"]
[Black "Vakulenko, Oleksandr"]
[Result "1/2-1/2"]
[WhiteElo "2317"]
[BlackElo "2256"]
[Annotator "TA"]
[PlyCount "96"]
[EventDate "2021.01.17"]
[EventType "team-tourn"]
[EventCountry "NET"]
[SourceTitle "playchess.com"]
[Source "ChessBase"]
[SourceQuality "1"]
[WhiteTeam "Turkey"]
[BlackTeam "Ukraine"]
[WhiteTeamCountry "TUR"]
[BlackTeamCountry "UKR"]

{[%evp 15,96,11,17,13,19,10,25,22,27,6,2,0,0,2,31,0,0,0,6,18,15,0,0,0,1,-33,0,-16,18,8,13,22,34,31,28,50,54,47,36,45,29,0,0,0,0,0,0,0,0,0,0,0,0,0,0,0,0,0,0,0,0,0,0,0,0,0,0,0,0,0,0,0,0,0,0,0,0,0,0,0,0,0,0]} 1. e4 e5 2. Nf3 Nc6 3. Bb5 a6 4. Ba4 Nf6 5. O-O Be7 6. Bxc6 dxc6 7. d3 Nd7 8. b3 c5 9. Bb2 {C85: Closed Ruy Lopez: Deferred Exchange Variation.} Bd6 10. Nbd2 {[%cal Bb1d2,Bd2f1,Bf1e3,Be3f5][%mdl 32]} b5 11. a4 {With the idea axb5.White has an edge.} Bb7 {[#]} 12. Re1 $146 ({Predecessor:} 12. axb5 axb5 13. Rxa8 Bxa8 14. Qa1 f6 15. Nh4 g6 16. g3 O-O 17. f4 exf4 18. gxf4 {½-½ (45) Li,S (2547)-Deepan Chakkravarthy,J (2479) Cebu 2007}) 12... O-O 13. Nf1 Re8 14. Ne3 Nf8 15. g3 f6 16. h4 Ne6 17. h5 Nd4 18. Nxd4 cxd4 19. Nf5 {[#] Threatens to win with Qg4!} Kh8 20. Kg2 Bb4 (20... Qd7 $5 {[%cal Rd7f5]} 21. Qg4 Bc6 $11) 21. Rh1 (21. Qg4 {is more complex.} Qd7 22. Rf1 c5 23. f4 Ba5 24. fxe5 Rxe5 25. Qf3) 21... Bc8 22. axb5 Bxf5 23. exf5 Qd5+ 24. Qf3 Qxf3+ 25. Kxf3 axb5 26. Ke4 c6 27. Rxa8 Rxa8 28. Ra1 Rxa1 {The position is equal.} 29. Bxa1 $11 {[%mdl 4096] Endgame KB-KB} Be1 30. f4 Bxg3 31. fxe5 fxe5 32. c3 Kg8 33. cxd4 exd4 34. Bxd4 Kf7 35. Be5 Bh4 36. d4 Be7 37. d5 cxd5+ 38. Kxd5 Bf6 39. Bf4 $1 Bc3 40. Bg5 Bf6 41. Bd2 Be7 42. Kc6 Kf6 43. Bc3+ Kxf5 44. Bxg7 b4 45. Kd7 Bc5 46. Kc6 Be7 47. Kd7 Bc5 48. Kc6 Be7 {Weighted Error Value: White=0.05/Black=0.05} 1/2-1/2

[Event "TUR-UKR Friendly Team Match"]
[Site "Online"]
[Date "2021.01.17"]
[Round "1.1"]
[White "Ozenir, Ekin Baris"]
[Black "Samunenkov, Ihor"]
[Result "0-1"]
[WhiteElo "2309"]
[BlackElo "2209"]
[Annotator "TA"]
[PlyCount "78"]
[EventDate "2021.01.17"]
[EventType "team-tourn"]
[EventCountry "NET"]
[SourceTitle "playchess.com"]
[Source "ChessBase"]
[SourceQuality "1"]
[WhiteTeam "Turkey"]
[BlackTeam "Ukraine"]
[WhiteTeamCountry "TUR"]
[BlackTeamCountry "UKR"]

{[%evp 9,77,25,37,10,22,10,12,5,11,0,21,2,10,-12,-12,-10,-12,-10,-10,-13,-10,-10,-10,-10,-7,-33,-13,-16,0,-15,-19,-22,0,0,-13,-47,0,-18,-17,-55,-19,-16,0,-22,0,0,0,0,0,6,4,11,18,5,28,-67,-77,-482,-394,-395,-384,-385,-379,-379,-376,-350,-143,-29997,-29998,-29999]} 1. d4 Nf6 2. Bg5 e6 3. e4 h6 4. Bxf6 Qxf6 5. c3 d6 6. Nf3 {A45: Trompowsky Attack.} g6 7. Bd3 Bg7 {[#]} 8. Na3 $146 {The position is equal.} ({Predecessor:} 8. O-O e5 9. Nbd2 Nd7 10. Re1 O-O 11. Nc4 Rd8 12. h3 Qe7 13. Qb3 Nf8 14. Rad1 {½-½ (46) Ludgate,A (2482)-Verde,P (2482) ICCF email 2018}) 8... a6 9. Nc2 O-O 10. Qd2 e5 11. dxe5 dxe5 12. Ne3 Be6 13. O-O Rd8 14. Qe2 Nd7 15. Bc2 c6 16. Rfd1 Qe7 17. Ne1 b5 18. a4 Nb6 (18... Rac8 {is more complex.} 19. axb5 axb5 20. Ra7 Ra8 21. Rb7 Qf8) 19. b4 Rxd1 20. Bxd1 Rd8 21. Nd3 Nd7 22. Nc1 Nb6 23. axb5 axb5 24. Bb3 Bxb3 25. Nxb3 Na4 26. Qc2 Qe6 27. c4 Bf8 28. cxb5 cxb5 29. Nd5 Rc8 30. Qd3 Qc6 31. h3 Qc4 32. Qg3 ({White should play} 32. Qe3 $11 Nc3 33. Nb6 $1 Qxb3 34. Nxc8) 32... Nc3 $1 $36 {[%cal Rc3e2][%mdl 2048] aiming for ...Ne2+. White is under strong pressure.} 33. Qxe5 $2 {[%mdl 8192]} (33. Nf6+ $17 Kh8 34. Qg4) 33... Ne2+ ({Weaker is} 33... Qxb3 34. Nf6+ Kh8 35. Nh5+ Kh7 36. Nf6+ Kh8 37. Nh5+ Kh7 38. Nf6+ Kh8 $11) 34. Kh1 {[#]} Bg7 $1 {[%cal Rg7e5][%mdl 64] Skewer} ({And not} 34... Qxb3 35. Nf6+ Kh8 36. Nh5+ Kh7 37. Nf6+ Kh8 38. Nh5+ Kg8 39. Nf6+ Kh8 $11) 35. Ne7+ Kh7 36. Qd5 Bxa1 37. Nxc8 {[#] Strongly threatening Qxc4.} Qxc8 (37... Qc2 $1 $19 {and Black stays clearly on top. ( -> ...Qb1+)} 38. g3 (38. Qxf7+ $2 Bg7 $19) 38... Qxc8) 38. Nxa1 $2 {[%mdl 8192]} (38. Qd1 $17 Be5 39. Qxe2) 38... Qc1+ {[%mdl 64] Double Attack} 39. Kh2 Qg1# {Weighted Error Value: White=0.58/Black=0.16} 0-1

[Event "TUR-UKR Friendly Team Match"]
[Site "Online"]
[Date "2021.01.17"]
[Round "1.1"]
[White "Alumert, Orkun Efe"]
[Black "Malynovskyi, Rostyslav"]
[Result "1-0"]
[WhiteElo "2301"]
[BlackElo "2174"]
[Annotator "TA"]
[PlyCount "109"]
[EventDate "2021.01.17"]
[EventType "team-tourn"]
[EventCountry "NET"]
[SourceTitle "playchess.com"]
[Source "ChessBase"]
[SourceQuality "1"]
[WhiteTeam "Turkey"]
[BlackTeam "Ukraine"]
[WhiteTeamCountry "TUR"]
[BlackTeamCountry "UKR"]

{[%evp 17,109,16,10,14,26,8,18,25,27,24,23,23,27,26,28,27,25,18,20,15,25,19,40,31,31,25,41,43,43,42,35,32,56,43,33,31,38,21,20,0,0,0,6379,6639,6179,6142,4644,0,3209,2281,2361,2164,2119,2070,1920,1920,1777,1372,759,0,0,0,12799,127,12800,12798,12799,12795,6087,2704,29979,29980,29980,29981,29981,29982,29982,29983,29983,29984,29984,29984,29984,29984,29988,29989,29989,29990,29990,29991,29994,29995,29995,289]} 1. e4 c6 2. d4 d5 3. Nd2 dxe4 4. Nxe4 Nf6 5. Nxf6+ exf6 6. Bc4 Bd6 7. Qe2+ Qe7 8. Qxe7+ Kxe7 9. Ne2 Bf5 10. c3 {B15: Caro-Kann: 3 Nc3: 3...g6 and 3...dxe4 4 Nxe4 Nf6 5 Nxf6+ exf6.} Nd7 11. Bf4 Bxf4 12. Nxf4 {The position is equal.} Nb6 13. Bd3 Bxd3 14. Nxd3 {[#]} Kd6 $146 ({Predecessor:} 14... Rae8 15. O-O Nd5 16. Rfe1+ Kd6 17. Rxe8 Rxe8 18. Kf1 b6 19. Re1 Re6 20. Rxe6+ fxe6 21. Ke2 {½-½ (21) Vakhidov,T (2481)-Barbosa,O (2585) Bandar Seri Begawan 2012}) 15. Kd2 Rhe8 16. Rhe1 Nd7 17. c4 c5 18. Kc3 cxd4+ 19. Kxd4 Rad8 20. Rxe8 (20. Kc3 {with more complications.} a5 21. Rad1 Kc6 22. b3 Rc8 23. Nf4) 20... Rxe8 21. Re1 Rxe1 22. Nxe1 $11 {[%mdl 4096] Endgame KN-KN} Ne5 23. Nd3 Nc6+ 24. Ke4 g6 25. g4 b6 26. f4 a5 27. b3 Nb4 28. Nxb4 (28. Nc1 {feels hotter.} Ke6 29. h3 Kd6 30. Kd4 h6 31. a3) 28... axb4 {KP-KP} 29. Kd4 g5 $2 {[%mdl 8192] [#]} (29... h6 $11) 30. f5 $18 Kc6 31. Ke3 Kd6 32. Kd4 Kc6 33. h3 Kd6 34. Ke4 Kc6 35. Ke3 Kd6 36. Kd4 Kc6 37. Kd3 Kc5 38. a3 $2 {[#]} (38. Kc2 $18 Kc6 39. Kb2) 38... bxa3 $11 39. Kc3 a2 $2 {[%mdl 8192]} (39... Kd6 $11 40. Kc2 Kc5) 40. b4+ $2 (40. Kb2 $18 Kd4 41. Kxa2) 40... Kd6 $2 {[%mdl 8192] Loses the game.} (40... Kc6 $16 41. Kb2 b5) 41. Kb2 $18 a1=Q+ 42. Kxa1 Ke5 43. Kb2 Ke4 44. Kc3 {White mates.} Ke5 45. Kd3 Kd6 46. Kd4 Kc6 47. c5 bxc5+ 48. bxc5 {[%cal Bb4c5,Bc5c6,Bc6c7][%mdl 32]} h6 49. Kc4 Kc7 50. Kd5 Kd7 51. c6+ Kc7 52. Kc5 Kc8 53. Kd6 Kd8 54. c7+ Kc8 55. Kc6 {Weighted Error Value: White=0.49/Black=0.25} 1-0